000 00658nam a22001577a 4500
003 OSt
005 20151008161302.0
008 151008b xxu||||| |||| 00| 0 eng d
040 _cRUA
082 _aAVM HUY 2008 B081 Or.1
100 _92387
_aHUY, PISETH.
245 _aSurvey on small scale sow raing in lvea aem district kandal province, ការអង្កេតលើការចិញ្ចឹមមេជ្រូកជាលក្ខណៈគ្រូសាររបស់កសិករនៅស្រុកល្វាឯម ខេត្តកណ្តាល
260 _aPhnom Penh
_bRUA
_c2008
300 _a49p.
_bill.
_c29cm.
942 _2ddc
_cAVM
999 _c2249
_d2249